Dream SMP - Statistics

General Stats
  • This quiz has been taken 160 times
  • The average score is 14 of 15
Answer Stats
Hint Answer % Correct
Creator of the smp dream
100%
angry child tommy
99%
beeee boiii tubbo
99%
"LANGUAGE" badboyhalo
98%
furrryyyyyyyy fundy
98%
manifold jack
98%
diamond baby skeppy
95%
blood for the blood god technoblade
95%
roasty toasty george
92%
duck quackity
92%
Beckerson's owner sapnap
91%
time traveler karl
89%
⟒ ⋏ ⎅ ⟒ ⍀ ⋔ ⏃ ⋏ ranboo
85%
golden creeper awesamDude
84%
no talk man callahan
80%
No matching quizzes found
Score Distribution
Percent of People with Each Score
Percentile by Number Answered
Your Score History
You have not taken this quiz